000 00482cam a2200181ua 4500
003 OSt
008 240215b |||||||| |||| 00| 0 eng d
020 _a81-7629-243-5
041 _aeng
082 _a635.01
_bSHA/HO
100 _aSharma, V k .
_96011
245 _aHorticulture technology : protection and preservation /
260 _aNewdelhi :
_bDeep and deep publications ,
_c2000.
300 _a443 ; .
500 _aVol. 2
700 1 _aAzad, K C .
_96012
942 _cBK
999 _c11191
_d11191